000 00817nas a2200289 4500
001 BR2010003602
003 BR-BrBNA
005 20231205114606.0
007 ta
008 230509b bl.|||p| |||| 00| 00por d
040 _aBR-BrBNA
_bpor
_cBiblioteca Nacional de Agricultura
041 _a(Pt)
072 _aF50
100 1 _aToebe, M.
100 1 _aLopes, S.J.
100 1 _aStorck, L.
100 1 _aSilveira, t.R. da
100 1 _aMilani, M.
100 1 _aCasarotto, G.
245 1 _aEstimativa de plastocrono em crambe
650 _aMORFOLOGIA VEGETAL
650 _aMODELO DE SIMULAÇÃO
650 _aÉPOCA DE SEMEADURA
773 0 _tCiência Rural (Brazil)
_xISSN 0103-8478
_g(Apr 2010), v. 40(4) p. 793-799
_wBR2010003602
909 _a202311
_bLúcia
_c55
_dLúcia Elande
942 _2AGRIS
_n0
_cANA
999 _c209471
_d209471